|
|
|
|
| LEADER |
00000cam a2200000 i 4500 |
| 001 |
1/75381 |
| 008 |
960517s1986 gr | ||| |||| ||gre|| |
| 035 |
|
|
|a 1986
|b 3
|c Αγορά/Τσιάκαλος
|l 10032110
|
| 040 |
|
|
|a GR-MY-UA
|b gre
|e aacr
|
| 041 |
0 |
|
|a gre
|
| 082 |
0 |
|
|a 372.8909495
|
| 100 |
1 |
|
|a Βουγιούκας, Αγάθων.
|
| 245 |
1 |
0 |
|a Ρωμαική και Bυζαντινή ιστορία :
|b E' δημοτικού /
|c Α. Βουγιούκας
|
| 260 |
|
|
|a Αθήνα :
|b Ο.Ε.Δ.Β.,
|c 1986
|
| 300 |
|
|
|a 183 σ.
|
| 650 |
0 |
0 |
|a History
|x Study and teaching (Elementary)
|z Greece.
|
| 852 |
|
|
|a INST
|b RHODES
|e 19960517
|h 372.8909495 ΒΟΥ
|p 005400000770
|q 005400000770
|t BK
|y 620
|
| 852 |
|
|
|a INST
|b RHODES
|e 19960517
|h 372.8909495 ΒΟΥ
|p 005400000771
|q 005400000771
|t BK
|y 0
|
| 909 |
|
|
|a Ρ
|b 004952
|
| 909 |
|
|
|a Ρ
|b 004411
|